1910 1815 1233 1849 1319 1304 1015 1749 1444 1370 1873 1348 1188 1559 1769 1955 1396 1722 1357 1868 1690 1326 1372 1023 1889 1135 1725 1513 1649 1368 1727 1095 1091 1753 1388 1123 1792 1784 1524 1980 1199 1173 1598 1838 1760 1664 1527 1610 1577 1066 1984 1042 1639 1939 1632 1575 1032 1755 1435 1878 1798 1681 1301 1944 1654 1844 1199 1413 1711 1000 1270 1174 1324 1935 1522 1954 1353 1645 1927 1534 1598 1218 1262 1636 1984 1316 1212 1557 1419 1295 1303 1261 1885 1311 1494 1392 1221 1890 1242 BCNSPRNW ULIB Ver.6.0+V

เปลี่ยนเป็นภาษาไทย

Change to English
 แสดงรายละเอียดบรรณานุกรม
  กลับหน้าหลัก

Brief Record : Get Marc (ISO 2709) : E-mail record : QR code < ปิดหน้าต่าง
LEADER : 00000nam 2200000uu 4500
001    13399114528
003     ULIB
008    120411s||||||||th 000 0 tha d
020    ^a9780826105813
050  4 ^aRT73 ^bG112
060  0 ^aWY100^bG112
100 1   ^aGaberson, Kathleen B.
245 1   ^aClinical teaching strategies in nursing / ^cKathleen B. Gaberson, Marilyn H. Oermann.
250    ^a3rd ed
260    ^aNew York, N.Y. : ^bSpringer Pub., ^c2010.
300    ^axi, 442 p.
650    ^aNursing ^xStudy and teaching.
650  0 Education Nursing
700 1   ^aOermann, Marilyn H.
945    ^p0^l0^i031632
995    ^aKesorn
999 ^a ใช้งานได้ทุกระบบ
รายการนี้ยังไม่มีแท็ก
คุณยังไม่ได้ล็อกอิน คุณสามารถมีกิจกรรมร่วมกับเว็บไซต์ได้ แต่ต้องล็อกอินก่อน ::
  ล็อกอิน

รายการสื่อสารสนเทศ

ลำดับที่ ประเภท เลขเรียก/บาร์โค้ด สถานที่ สถานะ
- ไม่พบข้อมูล -

รายการใกล้เคียง
    ผู้แต่ง [Gaberson, Kathleen B.]

BibComment


ยังไม่เคยถูกคอมเมนท์

คอมเมนท์ทรัพยากรรายการนี้
  คอมเมนท์: Clinical teachi..


 Copyright 2026. Bcnsprnw @Library